skbl

Dr Suryya Kumar Bhuyan Library Web-OPAC
ডঃ সূৰ্য্য
কুমাৰ ভূঞা পুথিভঁৰাল ৱেব-অ'পেক

All Research Scholars are advised to clear the annual library fees to continue using Library Resources, Remote Access, Plagiarism Test and Library Clearance.

Cotton University Book Fair 2026

Sedimentary Rocks / (Record no. 7357)

MARC details
000 -LEADER
fixed length control field 00889nam a2200361Ia 4500
001 - CONTROL NUMBER
control field 7370
005 - DATE AND TIME OF LATEST TRANSACTION
control field 20240113234011.0
007 - PHYSICAL DESCRIPTION FIXED FIELD--GENERAL INFORMATION
fixed length control field ta
008 - FIXED-LENGTH DATA ELEMENTS--GENERAL INFORMATION
fixed length control field 050705s1984 a g b000 u eng u
020 ## - INTERNATIONAL STANDARD BOOK NUMBER
Terms of availability HB
040 ## - CATALOGING SOURCE
Original cataloging agency Cotton College,Assam
041 ## - LANGUAGE CODE
Language code of text/sound track or separate title eng
082 ## - DEWEY DECIMAL CLASSIFICATION NUMBER
Classification number 552.5
Item number Pe 44 Se
100 ## - MAIN ENTRY--PERSONAL NAME
Personal name Pettijohn, F.J. .
245 #0 - TITLE STATEMENT
Title Sedimentary Rocks /
Statement of responsibility, etc. F.J. Pettijohn.
Medium Textual Documents
250 ## - EDITION STATEMENT
Edition statement 3rd ed. /
260 ## - PUBLICATION, DISTRIBUTION, ETC.
Place of publication, distribution, etc. Delhi :
Name of publisher, distributor, etc. CBS Publishers & Distributors ,
Date of publication, distribution, etc. 1984.
300 ## - PHYSICAL DESCRIPTION
Extent xii, 628p. :
Other physical details ill. ;
Dimensions 2 6cm .
504 ## - BIBLIOGRAPHY, ETC. NOTE
Bibliography, etc. note Index
653 ## - INDEX TERM--UNCONTROLLED
Uncontrolled term Geology
653 ## - INDEX TERM--UNCONTROLLED
Uncontrolled term Rocks-Sedimentary
653 ## - INDEX TERM--UNCONTROLLED
Uncontrolled term Sedimentary rocks
653 ## - INDEX TERM--UNCONTROLLED
Uncontrolled term PG-Geology
653 ## - INDEX TERM--UNCONTROLLED
Uncontrolled term G-Geology
653 ## - INDEX TERM--UNCONTROLLED
Uncontrolled term T/G-Geology
942 ## - ADDED ENTRY ELEMENTS (KOHA)
Source of classification or shelving scheme Dewey Decimal Classification
Koha item type Books
Holdings
Withdrawn status Lost status Damaged status Not for loan Collection Home library Current library Date acquired Coded location qualifier Total checkouts Full call number Barcode Date last seen Copy number Price effective from Koha item type
          Dr. Suryya Kumar Bhuyan Library Dr. Suryya Kumar Bhuyan Library 01/02/2012 00000   552.5 Pe 44 Se 83726 13/01/2024 3 01/02/2012 Books
          Dr. Suryya Kumar Bhuyan Library Dr. Suryya Kumar Bhuyan Library 01/02/2012 00000   552.5 Pe 44 Se 200/Geol 13/01/2024 1 01/02/2012 Books
          Dr. Suryya Kumar Bhuyan Library Dr. Suryya Kumar Bhuyan Library 01/02/2012 00000   552.5 Pe 44 Se 524/Geol 13/01/2024 4 01/02/2012 Books
          Dr. Suryya Kumar Bhuyan Library Dr. Suryya Kumar Bhuyan Library 01/02/2012 00000   552.5 Pe 44 Se 57586 13/01/2024 5 01/02/2012 Books
          Dr. Suryya Kumar Bhuyan Library Dr. Suryya Kumar Bhuyan Library 01/02/2012 00000   552.5 Pe 44 Se 83725 13/01/2024 2 01/02/2012 Books

Designed and Maintained by Team SKBL
©1901-2026

Powered by Koha